Дневник геологических наблюдений, проведенных в 1957-58 гг. в Красноярском крае

Detalles Bibliográficos
Autor Corporativo: Томский политехнический институт (ТПИ)
Otros Autores: Радугин К. В. Константин Владимирович (руководитель)
Lenguaje:ruso
Publicado: Томск, Изд-во ТПИ, 1959
Materias:
Formato: Libro
KOHA link:https://koha.lib.tpu.ru/cgi-bin/koha/opac-detail.pl?biblionumber=156557

MARC

LEADER 00000nbm0a2200000 4500
001 156557
005 20231031153234.0
035 |a (RuTPU)RU\TPU\book\169798 
090 |a 156557 
100 |a 20090328d1959 k y0rusy50 ca 
101 0 |a rus 
102 |a RU 
105 |a y p 000zy 
200 1 |a Дневник геологических наблюдений, проведенных в 1957-58 гг. в Красноярском крае  |f Томский политехнический институт (ТПИ) ; руководитель К. В. Радугин 
210 |a Томск  |c Изд-во ТПИ  |d 1959 
215 |a 38 л. 
610 1 |a геология 
610 1 |a Красноярский край 
610 1 |a 20 век 
610 1 |a геологические наблюдения 
610 1 |a геологические экспедиции 
610 1 |a дневники 
675 |a 55(571.51)  |v 3 
702 1 |a Радугин  |b К. В.  |c российский геолог  |c профессор Томского политехнического института  |f 1899-1984  |g Константин Владимирович  |2 stltpush  |3 (RuTPU)RU\TPU\pers\13858  |4 673 
712 0 2 |a Томский политехнический институт (ТПИ)  |c (1944-1991)  |2 stltpush  |3 (RuTPU)RU\TPU\col\1123 
801 1 |a RU  |b 63413507  |c 20090328  |g PSBO 
801 2 |a RU  |b 63413507  |c 20090616  |g PSBO 
942 |c BK